| 000 | 00456nam a22001577a 4500 | ||
|---|---|---|---|
| 999 |
_c3186 _d3186 |
||
| 008 | 200320b ||||| |||| 00| 0 eng d | ||
| 082 | 0 | 0 |
_a629.253 _bF8481 |
| 100 |
_92717 _aFrazee, Irving. |
||
| 245 | 1 | 0 |
_aAutomative, fuel and ignition systems _cby Irving, Frazee. |
| 260 |
_aChicago _bAmerican Technical Society _c1953 |
||
| 300 | _aix,503 p. | ||
| 365 | _d33.00 | ||
| 650 | 0 | _aAutomobiles--Fuel Systems | |
| 700 |
_92718 _aLandon, William. |
||
| 942 | _cBK | ||